Normal view MARC view

Entry Personal Name

Number of records used in: 1

001 - CONTROL NUMBER

  • control field: 9388

003 - CONTROL NUMBER IDENTIFIER

  • control field: DLC

005 - DATE AND TIME OF LATEST TRANSACTION

  • control field: 20230901122828.0

008 - FIXED-LENGTH DATA ELEMENTS

  • fixed length control field: 931026n| azannaab |n aaa

010 ## - LIBRARY OF CONGRESS CONTROL NUMBER

  • LC control number: n 89181795

040 ## - CATALOGING SOURCE

  • Original cataloging agency: DLC
  • Language of cataloging: eng
  • Description conventions: rda
  • Transcribing agency: DLC

100 1# - HEADING--PERSONAL NAME

  • Personal name: Manikutty, S.

370 ## - ASSOCIATED PLACE

  • Other associated place: Ahmadābād (India)
  • Other associated place: Bangalore (India)
  • Source of term: naf

372 ## - FIELD OF ACTIVITY

  • Field of activity: Strategic planning
  • Source of term: lcsh

373 ## - ASSOCIATED GROUP

  • Associated group: Indian Institute of Management, Ahmedabad
  • Source of term: naf
  • Start period: 1990
  • End period: 2012

373 ## - ASSOCIATED GROUP

  • Associated group: Indian Railways
  • Source of term: naf

374 ## - OCCUPATION

  • Occupation: College teachers
  • Source of term: lcsh

375 ## - GENDER

  • Gender: male

377 ## - ASSOCIATED LANGUAGE

  • Language code: eng

670 ## - SOURCE DATA FOUND

  • Source citation: Public Systems Group : a review of research, 1993:
  • Information found: t.p. (S. Manikutty) pref. (Chairman of the PSG, Indian Inst. of Management, Ahmedabad)

670 ## - SOURCE DATA FOUND

  • Source citation: The essence of leadership, 2015:
  • Information found: t.p. (S. Manikutty) jkt. (retired from Indian Institute of Management, Ahmedabad in 2012, but continues to teach at the institute as well as at Indian Institute of Management, Bangalore, was visiting scholar at Cornell University, USA in 2000)

670 ## - SOURCE DATA FOUND

  • Source citation: IIMA, WWW site viewed on April 11, 2015
  • Information found: (Prof. S. Manikutty, mechanical and an electrical engineer, graduating from the Institution of Mechanical Engineers (London) and the Institution of Electrical Engineers (London), joined the Indian Railways as a mechanical engineer in 1969, did his doctoral programme in Management (Fellow Programme) from the Indian Institute of Ahmedabad, India, worked as professor in the Indian Railways' in-house training college at Baroda between 1985 and 1987 and 1989 and 1990, deputed to the Aqaba Railway Corporation, Ma'an, Jordan from 1987-1989, joined the Indian Institute of Management as a member of faculty in the Public Systems Group in June 1990, retired from IIMA in December 2010 and continued on contract till March 31, 2012, currently teaches independently in universities and institutions, besides reading and writing)
  • Uniform Resource Identifier: http://www.iimahd.ernet.in/~manikuti/

Powered by Koha